| Registos Bibliográficos associados ao registo de autoridade |
|
Etiqueta de registo: 00000nkm 2200025 450 001 2257220 003 http://id.bnportugal.gov.pt/bib/catbnp/2257220 100 ## $a20260129d1981 m y0pory01030103ba 101 0# $apor 102 ## $aPT 200 1# $a1º Feira de Teatro, Amadora, 30 de maio a 7 de junho de 1981$bVisual gráfico]$fAssociação Portuguesa do Teatro de Amadores 210 #9 $a[S.l.]$cAssociação Portuguesa do Teatro de Amadores,$d1981 215 ## $a1 cartaz$ccolor.$d69x49,5 cm 317 ## $aColeção Madeira Luís 675 ## $a766(=1:469)"198"(084.5)$vBN$zpor$31656743 710 01 $aFeira de Teatro,$d1,$eAmadora,$f1981$31993890 712 02 $aAssociação Portuguesa do Teatro de Amadores$4557$3289435 801 #0 $aPT$bBN$gRPC 966 ## $lBN$mICONOG$sCT. 18574 A.$x3 971 ## $cCatmusica8$d20260129 995 ## $aPRR2026 $d20260129$iCatmusica8
|
|
|